000 00842nam a2200253Ia 4500
003 OSt
005 20220923224306.0
006 a|||||r|||| 00| 0
007 ta
008 220922b |||||||| |||| 00| 0 hin d
024 _a230,584
037 _cTextual
040 _aARTS
_cARTS
_bhin
041 _2hin
_ahin
082 _aO152xN19:g, P0
100 _aगौतम, मूल चन्द
245 0 _aभारत भूषण अग्रवाल
246 _aBhārat bhūṣhaṇ agravāla
260 _aनई दिल्ली
_b साहित्य अकादमी
_c2000
300 _a144पृ.
_ccm.
490 _aभारतीय साहित्य के निर्माता
942 _hO152xN19:g, P0
_cTEXL
_2CC
999 _c370428
_d370428